000 00662nam a2200289Ia 4500
005 20260324133848.0
008 008 260324s9999 xx 000 0 eng d
020 _a9780429236334
037 _aEBOOK
040 _aCRL
040 _beng
040 _cCRL
041 _2eng
041 _aeng
084 _qCRL
100 _aNimrod Hurvitz
_91194677
245 4 _aThe Formation of Hanbalism
245 0 _bPiety into Power
260 _bTaylor and Francis
260 _c2002
365 _a
365 _b230
856 _uhttp://www.taylorfrancis.com/books/9780429236334
942 _cEBOOK
999 _c1794157
_d1794157